[Event "Sotra U14"]
[Site "Sotra"]
[Date "2018.09.02"]
[Round "4"]
[White "Jonsterhaug, Andreas Virkesdal"]
[Black "Schick, Matheo"]
[Result "0-1"]
[WhiteElo "1371"]
[BlackElo "1324"]
[PlyCount "84"]
[EventDate "2018.08.31"]
[EventType "tourn"]
[EventRounds "5"]
[EventCountry "NOR"]
[SourceTitle "EXT 2024"]
[Source "ChessBase"]
[SourceDate "2023.10.10"]
[SourceVersion "1"]
[SourceVersionDate "2023.10.10"]
[SourceQuality "1"]

1. e4 c5 2. Nf3 Nc6 3. d4 cxd4 4. Nxd4 g6 5. c3 Bg7 6. Be3 Nf6 7. Bd3 0-0 8. 0-0 d5 9. Nd2 e5 10. Nxc6 bxc6 11. Bg5 Qc7 12. exd5 cxd5 13. c4 e4 14. Be2 Qe5 15. Bxf6 Bxf6 16. cxd5 Qxd5 17. Bc4 Qd4 18. Qc2 Bb7 19. Rfe1 Rac8 20. b3 Rfe8 21. Rad1 e3 22. fxe3 Rxe3 23. Rxe3 Qxe3+ 24. Kh1 Qf2 25. Rg1 Bg5 26. Qd3 Qxd2 27. Qxd2 Bxd2 28. Rd1 Bf4 29. Rd7 Rc7 30. Bxf7+ Kf8 31. Rxc7 Bxc7 32. Bc4 Ke7 33. Kg1 Kd6 34. h3 Kc5 35. a3 Bd5 36. Bxd5 Kxd5 37. Kf2 Kd4 38. Kf3 Kc3 39. Kg4 h6 40. h4 Bd8 41. h5 gxh5+ 42. Kxh5 Bg5 0-1